000 02394nam0a2200373 4500
001 RU\NLR\BIBL_A\011435457
005 20240921131035.0
010 _a9785990929111
021 _aRU
_b2017-44919
_93247
035 _a(RuMoRGB)008914778
035 _a(NLR Aleph) 011435457
090 _a11673063
_c11673063
100 _a20170707d2017 u y0rusy50 ca
101 0 _arus
102 _aRU
105 _aa|||j 000zy
200 1 _aАнатомо-функциональные особенности и клиническая биомеханика орбиты
_eучебное пособие
_fЕ. В. Вернигора, Е. В. Абрамова, И. А. Аптекарь
_gНегосударственное образовательное учреждение дополнительного профессионального образования "Тюменский институт остеопатической медицины", Краниальный раздел
210 _aТюмень
_c[б. и.]
_d2017
215 _a63 с.
_cил., цв. ил., табл.
_d29
300 _aНа обл. подзаг.: Учебно-методическое пособие
300 _aНа обороте тит. л. авт.: Вернигора Е.В., врач-остеопат, мануал. терапевт, невролог; Абрамова Е.В., врач-остеопат, мануал. терапевт, педиатр, к.м.н., доц.; Аптекарь И.А., врач-остеопат, мануал. терапевт, невролог, к.м.н.
320 _aБиблиогр.: с. 59 (11 назв.)
606 1 _aГлазница
_jУчебные издания
_xАнатомия
_91403028
_3RU\NLR\AUTH\66590585
606 1 _aГлазница
_jУчебные издания
_xБолезни
_xОстеопатическая терапия
_92333055
_3RU\NLR\AUTH\6601619092
686 _aР354.15,07
_2rubbk
686 1 _aЕ864.421я7
686 1 _aР671-541.5я7
700 1 _aВернигора
_bЕ. В.
_gЕкатерина Витальевна
701 1 _7ca
_8rus
_aАбрамова
_bЕ. В.
_cканд. мед. наук
_gЕлена Витальевна
_927404
_3RU\NLR\AUTH\7744463
701 1 _aАптекарь
_bИ. А.
_gИгорь Александрович
942 _cBOOK
980 _aNBR